=LDR 00000nam 2200000 4500 =001 INLIS000000000021905 =005 20200429100240 =035 ##$$a 0010-061300000021905 =008 200429################g##########0#ind## =041 ##$$a Ind =082 ##$$a 2x0 =090 ##$$a 297, Alu u =100 1#$$a Alutsaimin, Muhammad bin Sahlih =245 1#$$a Ulasan tuntas tentang tiga prinsip pokok siapa Rabbmu ? apa agamamu ? siapa nabimu ? /$c Syaikh Muhammad bin Sahlih Al-Utsaimin =260 ##$$a Jakarta :$b Darul Haq,$c 2007 =300 ##$$a x, 261 hlm. ; $c 21 x 15 cm. =650 #4$$a Islam sebagai pedoman hidup =850 ##$$a NBPNMAT =084 ##$$a 2x0 ALU u =020 ##$$a 979-9137-01-2 =250 ##$$a cet. 1 =990 ##$$a 20800313 =990 ##$$a 30700715 =990 ##$$a 20800315 =990 ##$$a 20800314 =990 ##$$a 30700716